Zmeny v oblasti dôchodkového poistenia od 1. mája 2004

Vstupom Slovenska do Európskej únie sa aj v oblasti dôchodkového poistenia začali na občanov SR vzťahovať práva a povinnosti vyplývajúce z právnych predpisov EÚ. Zmeny v oblasti dôchodkového poistenia od 1. mája 2004. Vymedzenie zásad uplatňovania nariadenia Rady (EHS) č. 1408/71 v znení neskorších...

Full description

Saved in:
Bibliographic Details
Main Author: Winterová, Michaela
Format: Book Chapter
Language:Slovak
Subjects:
Tags: Add Tag
No Tags, Be the first to tag this record!

MARC

LEADER 00000naa$a2200000$$$4500
001 0019625
005 20231003110444.5
041 0 |a slo 
044 |a SK 
245 1 0 |a Zmeny v oblasti dôchodkového poistenia od 1. mája 2004  |c Michaela Winterová 
520 |a Vstupom Slovenska do Európskej únie sa aj v oblasti dôchodkového poistenia začali na občanov SR vzťahovať práva a povinnosti vyplývajúce z právnych predpisov EÚ. Zmeny v oblasti dôchodkového poistenia od 1. mája 2004. Vymedzenie zásad uplatňovania nariadenia Rady (EHS) č. 1408/71 v znení neskorších predpisov a nariadenia Rady(EHS) č. 574/72 v znení neskorších predpisov. Postup Slovenskej poisťovne pri aplikácii nariadenia Rady (EHS) č. 574/72 v znení neskorších predpisov. 
610 2 0 |a poistenie dôchodkové 
610 2 0 |a legislatíva 
610 2 0 |a Slovensko 
610 2 0 |a Európska únia 
610 2 0 |a dôchodky 
610 2 0 |a starostlivosť o prestárlych 
610 2 0 |a systémy dôchodkové 
100 1 |a Winterová, Michaela